El mago sin magia: cómo cambiar la situación paradójica del psicólogo en la escuela

Enregistré dans:
Détails bibliographiques
Auteur principal: Selvini Palazzoli, Mara (Auteur)
Format: Livre
Langue:espagnol
Publié: Buenos Aires Paidos 1987
Collection:Paidos Educador, 78
Sujets:
Tags: Ajouter un tag
Pas de tags, Soyez le premier à ajouter un tag!

MARC

LEADER 00000nam a2200000 a 4500
001 UCW5923
003 CL-VaPUC
008 910827e19870000AG |||||||||||||||||spa|d
082 0 4 |a 370.15  |b SEL  |2 21 
100 0 |a Selvini Palazzoli, Mara  |e author  |9 310970 
245 1 3 |a El mago sin magia: cómo cambiar la situación paradójica del psicólogo en la escuela 
300 |a 159 p 
942 |c BK 
945 |d 19910827 00:00:00 
260 |a Buenos Aires  |b Paidos  |c 1987 
650 7 |a PSICOLOGOS ESCOLARES  |2 CL-VaPUC  |9 310860 
583 |a last modification  |c 19910827 00:00:00  |k Rodrigo Vera 
490 0 |a Paidos Educador, 78 
999 |c 219201  |d 219199 
952 |0 0  |1 0  |4 0  |6 370_150000000000000_SEL_1987  |7 0  |8 P  |9 209824  |a BIBEDU  |b BIBEDU  |c BIBEDU_PB  |d 2019-11-15  |i 2777401  |o 370.15 SEL 1987  |p 2777401  |r 2024-01-25  |w 2019-11-15  |y BK  |k EDU 
952 |0 0  |1 0  |4 0  |6 370_150000000000000_SEL_1987  |7 0  |8 P  |9 209825  |a BIBEDU  |b BIBEDU  |c BIBEDU_PB  |d 2019-11-15  |i 277741K  |o 370.15 SEL 1987  |p 277741K  |r 2024-01-25  |w 2019-11-15  |y BK  |k EDU